00378nam a22001337a 450000500170000002000230001703500130004003700130005310000130006624500790007926000410015830000240019970000210022320120502123513.0 a8170999537c295.00 aB-190968 aDPLbENG aHema, B. aEnvironmental perception of slum dwellers /cby B. Hema and Shagufta Jamal aNew DelhibMittal Publicationsc2004 axii, 118p.c20 cms. aJamal, Shagufta